Statistics for 15 Largest Peninsulas

Click here to take the quiz!

General Stats

  • This quiz has been taken 30 times
  • The average score is 8 of 15

Answer Stats

sqmilesAnswer% Correct
224711Iberia
89%
1250000Arabian
89%
65755Florida
79%
85270Korean
71%
748553Indochina
64%
289577Scandinavia
64%
50709Italian
57%
55363Baja California
54%
726975Horn of Africa
50%
579173Alaskan
36%
540543Labrador
25%
257414Balkans
25%
38610Kola
21%
23166Sinai
21%
800000Deccan
18%

Score Distribution

Percentile by Number Answered

Percent of People with Each Score

Your Score History

You have not taken this quiz